000 00441nam a2200157Ia 4500
008 230917s9999||||xx |||||||||||||| ||und||
040 _e208384
_aMAIN
041 _aEnglish
082 _a515.35 A35I(3)
100 _aAbell, Martha L
245 0 _aIntroductory differential equation with boundary value problems
250 _a3rd. ed.
260 _aAmsterdam
_bElsevier
_c2010
500 _a60 15/01/2014 Mathematics (NBHM)
942 _cBK
999 _c11005
_d11005